书目信息 |
| 题名: |
型钢混凝土异形柱结构的性能、设计方法及其工程应用
|
|
| 作者: | 薛建阳 , 陈宗平 , 赵鸿铁 著 | |
| 分册: | ||
| 出版信息: | 北京 中国建筑工业出版社 2011 |
|
| 页数: | 237页 | |
| 开本: | 26cm | |
| 丛书名: | ||
| 单 册: | ||
| 中图分类: | TU375.3 | |
| 科图分类: | ||
| 主题词: | 型钢混凝土--xing gang hun ning tu--钢筋混凝土结构--异形柱--研究 | |
| 电子资源: | ||
| ISBN: | 978-7-112-13477-9 | |
| 000 | 01027nam0 2200253 450 | |
| 001 | 0100004510 | |
| 005 | 20191029105825.76 | |
| 010 | @a978-7-112-13477-9@dCNY42.00 | |
| 100 | @a20111205d2011 em y0chiy50 ea | |
| 101 | 0 | @achi |
| 102 | @aCN@b110000 | |
| 105 | @aak a 000yy | |
| 200 | 1 | @a型钢混凝土异形柱结构的性能、设计方法及其工程应用@Axing gang hun ning tu yi xing zhu jie gou de xing neng、she ji fang fa ji qi gong cheng ying yong@f薛建阳, 陈宗平, 赵鸿铁著 |
| 210 | @a北京@c中国建筑工业出版社@d2011 | |
| 215 | @a237页@c图@d26cm | |
| 320 | @a有书目 (第230-237页) | |
| 330 | @a本书共分10章, 主要包括: 型钢混凝土异形柱的抗震性能试验及分析、正截面承载力、斜截面承载力试验及分析、反复荷载下的粘结滑移性能测试及分析等。 | |
| 606 | 0 | @a型钢混凝土@Axing gang hun ning tu@x钢筋混凝土结构@x异形柱@x研究 |
| 690 | @aTU375.3@v4 | |
| 701 | 0 | @a薛建阳@Axue jian yang@4著 |
| 701 | 0 | @a陈宗平@Achen zong ping@4著 |
| 701 | 0 | @a赵鸿铁@Azhao hong tie@4著 |
| 801 | 0 | @aCN@c20150827 |
| 905 | @a河南城建学院图书馆@dTU375.3@eX954 | |
| 型钢混凝土异形柱结构的性能、设计方法及其工程应用/薛建阳, 陈宗平, 赵鸿铁著.-北京:中国建筑工业出版社,2011 |
| 237页:图;26cm |
| ISBN 978-7-112-13477-9:CNY42.00 |
| 本书共分10章, 主要包括: 型钢混凝土异形柱的抗震性能试验及分析、正截面承载力、斜截面承载力试验及分析、反复荷载下的粘结滑移性能测试及分析等。 |
| ● |
| 相关链接 |
|
|
|
正题名:型钢混凝土异形柱结构的性能、设计方法及其
索取号:TU375.3/X954
 
预约/预借
| 序号 | 登录号 | 条形码 | 馆藏地/架位号 | 状态 | 备注 |
| 1 | 1178463 | 211784639 | 建筑库101/101建筑库 88排4列5层/ [索取号:TU375.3/X954] | 在馆 | |
| 2 | 1178464 | 211784648 | 建筑库101/101建筑库 88排4列5层/ [索取号:TU375.3/X954] | 在馆 | |
| 3 | 1178465 | 211784657 | 建筑库101/101建筑库 88排4列5层/ [索取号:TU375.3/X954] | 在馆 | |
| 4 | 1455290 | 214552900 | 建筑库101/101建筑库 88排4列5层/ [索取号:TU375.3/X954] | 在馆 | |
| 5 | 1455291 | 214552919 | 建筑库101/101建筑库 88排4列5层/ [索取号:TU375.3/X954] | 在馆 | |
| 6 | 1455292 | 214552928 | 建筑库101/101建筑库 88排4列5层/ [索取号:TU375.3/X954] | 在馆 | |
| 7 | 1455293 | 214552937 | 建筑库101/101建筑库 88排4列5层/ [索取号:TU375.3/X954] | 在馆 | |
| 8 | 1455294 | 214552946 | 建筑库101/101建筑库 88排4列5层/ [索取号:TU375.3/X954] | 在馆 | |
| 9 | 1455295 | 214552955 | 建筑库101/101建筑库 88排4列5层/ [索取号:TU375.3/X954] | 在馆 |